00727nam a2200277Ia 4500008004100000020001800041100001600059245003000075245001600105260001500121260002000136260000900156300002700165300002700192300001000219500008400229650001400313650001800327650002100345650002300366650001300389650001300402650001300415650001300428700000800441160803s9999 xx 000 0 und d a9780590425674 aCarle, Eric 2aA house for Hermit Crab / cEric Carle. aNew York : bScholastic Inc. c1987 a32 unnumbered pages :  bcolor illustrations ;  c29 cm aReprint: Originally published: Saxonville, Mass. : Picture Book Studio, ©1987. aCrabs --  aDwellings --  aHermit crabs --  aMarine animals --  xFiction. xFiction. xFiction. xFiction. a480